All Countries in the 23-24 Top 5 Football League - Statistics

General Stats
  • This quiz has been taken 64 times
  • The average score is 59 of 106
Answer Stats
# Confederation Country % Correct
190 UEFA England
96%
299 UEFA France
94%
282 UEFA Germany
94%
90 CONMEBOL Brazil
92%
214 UEFA Italy
90%
57 UEFA Netherlands
90%
345 UEFA Spain
90%
74 CONMEBOL Argentina
88%
59 UEFA Portugal
88%
21 UEFA Sweden
85%
48 UEFA Belgium
83%
17 UEFA Ireland
83%
17 UEFA Scotland
83%
24 CONCACAF United States
83%
41 UEFA Denmark
81%
4 UEFA Russia
81%
17 CONMEBOL Colombia
79%
19 UEFA Norway
79%
30 UEFA Poland
79%
12 UEFA Wales
79%
4 UEFA Finland
77%
21 CAF Algeria
75%
34 UEFA Austria
75%
7 CONCACAF Canada
75%
4 CAF Egypt
75%
13 UEFA Greece
75%
35 CAF Morocco
75%
26 CAF Nigeria
75%
36 CAF Senegal
75%
32 UEFA Switzerland
75%
16 AFC Japan
73%
33 UEFA Serbia
73%
26 UEFA Croatia
71%
2 CAF South Africa
71%
12 UEFA Ukraine
71%
24 CONMEBOL Uruguay
71%
2 AFC Australia
67%
6 CONMEBOL Chile
67%
6 CONCACAF Mexico
67%
12 UEFA Slovakia
67%
13 UEFA Turkey
67%
15 UEFA Czech Republic
65%
27 CAF Ghana
65%
8 UEFA Hungary
65%
4 UEFA Iceland
65%
7 UEFA Slovenia
65%
4 CONMEBOL Venezuela
65%
3 UEFA Northern Ireland
63%
2 CONMEBOL Peru
63%
10 UEFA Romania
63%
6 AFC South Korea
63%
6 CONMEBOL Ecuador
60%
36 CAF Ivory Coast
60%
6 CONMEBOL Paraguay
60%
22 CAF Cameroon
58%
7 CAF Tunisia
58%
19 UEFA Albania
56%
9 CAF DR Congo
56%
6 CONCACAF Jamaica
56%
2 OFC New Zealand
54%
6 UEFA Bosnia-Herzegovina
52%
1 UEFA Estonia
52%
3 UEFA Israel
50%
1 CONCACAF Panama
50%
2 CAF Congo
48%
2 CONCACAF Costa Rica
48%
2 AFC Iran
48%
1 UEFA Lithuania
48%
1 CONCACAF French Guiana
46%
6 UEFA Georgia
46%
1 UEFA Luxembourg
46%
3 UEFA Montenegro
46%
1 CONCACAF Honduras
44%
9 UEFA Kosovo
44%
21 CAF Mali
44%
2 CAF Togo
44%
10 CAF Guinea
42%
3 UEFA North Macedonia
42%
2 CONCACAF Dominican Republic
35%
1 CAF Kenya
35%
5 CAF Angola
33%
1 UEFA Cyprus
33%
1 UEFA Malta
33%
2 CAF Benin
31%
5 CAF Gabon
31%
3 CONCACAF Haiti
29%
1 AFC Jordan
29%
2 CAF Mozambique
29%
3 CAF Central African Republic
27%
2 CAF Guinea-Bissau
27%
4 CAF Burkina Faso
25%
3 CAF Gambia
25%
2 CONCACAF Suriname
25%
2 AFC Uzbekistan
25%
3 UEFA Armenia
23%
2 AFC Syria
23%
1 CAF Zambia
23%
4 CAF Zimbabwe
23%
2 CAF Cape Verde
17%
4 CAF Equatorial Guinea
17%
1 CONCACAF Grenada
10%
1 AFC Philippines
10%
1 CAF Burundi
8%
1 CAF Comoros
8%
4 CONCACAF Guadeloupe
8%
1 CONCACAF Martinique
6%
No matching quizzes found
Score Distribution
Percent of People with Each Score
Percentile by Number Answered
Your Score History
You have not taken this quiz